<?xml version="1.0" encoding="UTF-8"?>
<record
    xmlns:xsi="http://www.w3.org/2001/XMLSchema-instance"
    xsi:schemaLocation="http://www.loc.gov/MARC21/slim http://www.loc.gov/standards/marcxml/schema/MARC21slim.xsd"
    xmlns="http://www.loc.gov/MARC21/slim">

  <leader>00714nam a22002297a 4500</leader>
  <controlfield tag="005">20260515115034.0</controlfield>
  <controlfield tag="008">240903b        |||||||| |||| 00| 0 eng d</controlfield>
  <datafield tag="020" ind1=" " ind2=" ">
    <subfield code="a">9789358496345</subfield>
  </datafield>
  <datafield tag="040" ind1=" " ind2=" ">
    <subfield code="a">IN-DiNC</subfield>
    <subfield code="c">IN-DiNC</subfield>
  </datafield>
  <datafield tag="041" ind1=" " ind2=" ">
    <subfield code="d">asm</subfield>
  </datafield>
  <datafield tag="082" ind1=" " ind2=" ">
    <subfield code="a">320.954</subfield>
    <subfield code="b">SAM</subfield>
  </datafield>
  <datafield tag="245" ind1=" " ind2=" ">
    <subfield code="a">Samasamayik bharatat unnayan prakriya aru samajik andolan (minor3)/</subfield>
    <subfield code="c">by Deepan Das and others</subfield>
  </datafield>
  <datafield tag="250" ind1=" " ind2=" ">
    <subfield code="a">1st ed.</subfield>
  </datafield>
  <datafield tag="260" ind1=" " ind2=" ">
    <subfield code="a">Dibrugarh:</subfield>
    <subfield code="b">Banalata,</subfield>
    <subfield code="c">2024.</subfield>
  </datafield>
  <datafield tag="300" ind1=" " ind2=" ">
    <subfield code="a">254p.</subfield>
  </datafield>
  <datafield tag="650" ind1=" " ind2=" ">
    <subfield code="a">Development processes and social movement in contemporary India</subfield>
  </datafield>
  <datafield tag="700" ind1=" " ind2=" ">
    <subfield code="a">Das, Deepan</subfield>
    <subfield code="e">author</subfield>
  </datafield>
  <datafield tag="700" ind1=" " ind2=" ">
    <subfield code="a">Dutta, Silpika</subfield>
    <subfield code="e">author</subfield>
  </datafield>
  <datafield tag="700" ind1=" " ind2=" ">
    <subfield code="a">Prasad, Subhanjali</subfield>
    <subfield code="e">author</subfield>
  </datafield>
  <datafield tag="700" ind1=" " ind2=" ">
    <subfield code="a">Baruah, Santisaya</subfield>
    <subfield code="e">author</subfield>
  </datafield>
  <datafield tag="942" ind1=" " ind2=" ">
    <subfield code="2">ddc</subfield>
    <subfield code="c">BK</subfield>
  </datafield>
  <datafield tag="999" ind1=" " ind2=" ">
    <subfield code="c">11906</subfield>
    <subfield code="d">11906</subfield>
  </datafield>
  <datafield tag="952" ind1=" " ind2=" ">
    <subfield code="0">0</subfield>
    <subfield code="1">0</subfield>
    <subfield code="2">ddc</subfield>
    <subfield code="4">0</subfield>
    <subfield code="7">0</subfield>
    <subfield code="8">POL</subfield>
    <subfield code="a">MAIN</subfield>
    <subfield code="b">MAIN</subfield>
    <subfield code="c">GEN</subfield>
    <subfield code="d">2024-09-03</subfield>
    <subfield code="g">170.00</subfield>
    <subfield code="l">6</subfield>
    <subfield code="o">320.954 SAM</subfield>
    <subfield code="p">30179</subfield>
    <subfield code="r">2025-12-04 06:51:33</subfield>
    <subfield code="s">2025-11-10</subfield>
    <subfield code="t">1</subfield>
    <subfield code="w">2024-09-03</subfield>
    <subfield code="y">BK</subfield>
  </datafield>
  <datafield tag="952" ind1=" " ind2=" ">
    <subfield code="0">0</subfield>
    <subfield code="1">0</subfield>
    <subfield code="2">ddc</subfield>
    <subfield code="4">0</subfield>
    <subfield code="7">0</subfield>
    <subfield code="8">POL</subfield>
    <subfield code="a">MAIN</subfield>
    <subfield code="b">MAIN</subfield>
    <subfield code="c">GEN</subfield>
    <subfield code="d">2024-09-03</subfield>
    <subfield code="g">170.00</subfield>
    <subfield code="l">9</subfield>
    <subfield code="o">320.954 SAM</subfield>
    <subfield code="p">30180</subfield>
    <subfield code="r">2026-04-27 07:11:24</subfield>
    <subfield code="s">2026-04-27</subfield>
    <subfield code="t">2</subfield>
    <subfield code="w">2024-09-03</subfield>
    <subfield code="y">BK</subfield>
  </datafield>
  <datafield tag="952" ind1=" " ind2=" ">
    <subfield code="0">0</subfield>
    <subfield code="1">0</subfield>
    <subfield code="2">ddc</subfield>
    <subfield code="4">0</subfield>
    <subfield code="7">0</subfield>
    <subfield code="8">POL</subfield>
    <subfield code="a">MAIN</subfield>
    <subfield code="b">MAIN</subfield>
    <subfield code="c">GEN</subfield>
    <subfield code="d">2024-09-03</subfield>
    <subfield code="g">170.00</subfield>
    <subfield code="l">2</subfield>
    <subfield code="o">320.954 SAM</subfield>
    <subfield code="p">30181</subfield>
    <subfield code="r">2025-12-04 06:59:17</subfield>
    <subfield code="s">2025-06-16</subfield>
    <subfield code="t">3</subfield>
    <subfield code="w">2024-09-03</subfield>
    <subfield code="y">BK</subfield>
  </datafield>
  <datafield tag="952" ind1=" " ind2=" ">
    <subfield code="0">0</subfield>
    <subfield code="1">0</subfield>
    <subfield code="2">ddc</subfield>
    <subfield code="4">0</subfield>
    <subfield code="7">0</subfield>
    <subfield code="8">POL</subfield>
    <subfield code="a">MAIN</subfield>
    <subfield code="b">MAIN</subfield>
    <subfield code="c">GEN</subfield>
    <subfield code="d">2024-09-03</subfield>
    <subfield code="g">170.00</subfield>
    <subfield code="l">5</subfield>
    <subfield code="o">320.954 SAM</subfield>
    <subfield code="p">30182</subfield>
    <subfield code="r">2025-12-04 06:41:02</subfield>
    <subfield code="s">2025-11-07</subfield>
    <subfield code="t">4</subfield>
    <subfield code="w">2024-09-03</subfield>
    <subfield code="y">BK</subfield>
  </datafield>
  <datafield tag="952" ind1=" " ind2=" ">
    <subfield code="0">0</subfield>
    <subfield code="1">0</subfield>
    <subfield code="2">ddc</subfield>
    <subfield code="4">0</subfield>
    <subfield code="7">0</subfield>
    <subfield code="8">POL</subfield>
    <subfield code="a">MAIN</subfield>
    <subfield code="b">MAIN</subfield>
    <subfield code="c">GEN</subfield>
    <subfield code="d">2024-09-03</subfield>
    <subfield code="g">170.00</subfield>
    <subfield code="l">5</subfield>
    <subfield code="o">320.954 SAM</subfield>
    <subfield code="p">30183</subfield>
    <subfield code="r">2025-12-04 06:56:10</subfield>
    <subfield code="s">2025-11-06</subfield>
    <subfield code="t">5</subfield>
    <subfield code="w">2024-09-03</subfield>
    <subfield code="y">BK</subfield>
  </datafield>
</record>
